ბათუმის შოთა რუსთაველის სახელმწიფო უნივერსიტეტის ბიბლიოთეკა

Алгебраическая К-теория. (ბიბ.ჩანაწერი № 48005)

000 -LEADER
fixed length control field 00590nam a2200205Ia 4500
001 - CONTROL NUMBER
control field 14885
003 - CONTROL NUMBER IDENTIFIER
control field GE_BSU
008 - FIXED-LENGTH DATA ELEMENTS--GENERAL INFORMATION
fixed length control field 181216s||||||||xx |||||||||||||| ||und||
040 ## - CATALOGING SOURCE
Transcribing agency GE_BSU
080 ## - UNIVERSAL DECIMAL CLASSIFICATION NUMBER
Universal Decimal Classification number 515.54+512.66
100 ## - MAIN ENTRY--PERSONAL NAME
Personal name Басс, Х.
245 ## - TITLE STATEMENT
Title Алгебраическая К-теория.
245 ## - TITLE STATEMENT
Statement of responsibility, etc. под. ред. Е.С.Голоба. пер.с английского А.В. Михалева
260 ## - PUBLICATION, DISTRIBUTION, ETC.
Place of publication, distribution, etc. Москва
260 ## - PUBLICATION, DISTRIBUTION, ETC.
Name of publisher, distributor, etc. Мир
260 ## - PUBLICATION, DISTRIBUTION, ETC.
Date of publication, distribution, etc. 1973
300 ## - PHYSICAL DESCRIPTION
Extent 591 стр. 22см.
653 ## - INDEX TERM--UNCONTROLLED
Uncontrolled term Алгебраическая к- теория.
942 ## - ADDED ENTRY ELEMENTS (KOHA)
Koha item type წიგნი
ეგზემპლარები
Withdrawn status Lost status Damaged status Not for loan Date acquired Barcode Date last seen Price effective from Koha item type
        2018-12-17 15560 2018-12-17 2018-12-17 წიგნი
        2018-12-17 15144 2018-12-17 2018-12-17 წიგნი